Cómo hacer de la cadena de suministro un centro de valor /

Detalles Bibliográficos
Autor principal: Caja Corral, Ángel (Autor)
Formato: Electrónico eBook
Lenguaje:español
Publicado: Barcelona : Marge Books, [2018]
Colección:Gestiona.
Materias:
Acceso en línea:Digitalia Hispánica

MARC

LEADER 00000nam a2200000Ii 4500
001 DIGMARGE0162
003 NyNyDIG
006 m o d
007 cr |||||||||||
008 231101s2018 sp ob 000 0 spa d
035 |a (OCoLC)1048796219 
040 |a DGITA  |b eng  |e rda  |e pn  |c DGITA 
020 |a 9788417313746  |q edición digital 
020 |z 9788417313739  |q edición impresa 
050 1 4 |a HD38.5 ebook 
082 0 4 |a 658.7  |2 23 
100 1 |a Caja Corral, Ángel,  |e author. 
245 1 0 |a Cómo hacer de la cadena de suministro un centro de valor /  |c Ángel Caja Corral. 
264 1 |a Barcelona :  |b Marge Books,  |c [2018] 
300 |a 1 online resource. 
336 |a text  |b txt  |2 rdacontent 
337 |a computer  |b c  |2 rdamedia 
338 |a online resource  |b cr  |2 rdacarrier 
347 |a text file  |2 rdaft 
347 |b PDF 
490 1 |a Colección Gestiona 
504 |a Includes bibliographical references. 
500 |a "Guía práctica"--Cover. 
500 |a "Esta obra ha sido galardonada con el premio Logisnet 2018 de Literatura Técnica, otorgado por Marge Books con la colaboración del Salón Internacional de la Logística (SIL Barcelona)"--Cover. 
586 |a "Premio Logisnet, 2018" 
588 0 |a Online resource; title from PDF title page (Digitalia, viewed November 1, 2023) 
650 0 |a Success in business. 
650 0 |a Business logistics. 
650 0 |a Industrial management. 
791 2 |a Digitalia (Firm),  |e distributor. 
793 0 |g Digitalia eBook Collection:  |a Marge Books 
776 0 8 |i Print version:  |a Caja Corral, Ángel.  |t Cómo hacer de la cadena de suministro un centro de valor.  |d Barcelona : Marge Books, [2018]  |z 9788417313739 
830 0 |a Gestiona. 
856 4 0 |3 Digitalia Hispánica  |u https://www.digitaliapublishing.com/a/125876/ 
910 |a Premium collection: 2023